000 00761cab a2200241 4500
001 WB3042-63
008 090401t1994 xxu||||| |||| 00| 0 eng d
035 _a(Sirsi) u79759
041 _aeng
245 _aConstitutional changes
260 _c1994
350 _a0
490 _aProperty Week
_v49(6) 10 November 1994, 7
490 _aRICS Press Release
_v(PR180/94corp) 3 November 1994 (4)
520 _aRICS members have voted overwhelmingly in favour of proposals to simplifiy and modernise the formal constitution of the RICS at an EGM.
650 _aCUBBON REPORT
650 _aREFORM
650 _aRICS CONSTITUTION
650 _aRICS
690 _aMANAGEMENT-BUSINESS MANAGEMENT-PROFESSIONAL PRACTICE
942 _n0
948 _c04/03/1997
999 _c50177
_d50177